| 000 | 01820nam0a2200397 4500 | ||
|---|---|---|---|
| 001 | RU\NLR\bibl\930770 | ||
| 005 | 20250614192548.0 | ||
| 010 |
_a5-06-003039-3 _92000 |
||
| 035 | _a(NLR Aleph) 000919000 | ||
| 090 |
_a87718 _c87718 |
||
| 100 | _a20060412d2005 |||y0rusy50 ca | ||
| 101 | 0 |
_arus _aeng _eeng |
|
| 102 | _aRU | ||
| 105 | _aa ||||||||| | ||
| 200 | 1 |
_aАмерика. Какая она? _eУчеб. по страноведению США _eДля студентов, обучающихся по направлению "Лингвистика и межкультур. коммуникация" _fН. Д. Токарева, Виктор Пеппард |
|
| 205 | _a2-е изд., испр. и доп. | ||
| 210 |
_aМосква _cВысш. шк. _d2005 |
||
| 215 |
_a333, [1] с. _cил. _d21 |
||
| 300 | _aОбл. на англ. яз.: What it is like in the USA / Natalia Tokareva, Victor Peppard | ||
| 512 | 1 |
_6z55790 _aWhat it is like in the USA |
|
| 606 | 0 |
_aАнглийский язык _jУчебные издания для высших учебных заведений _9972309 _3RU\NLR\auth\6646032 |
|
| 610 | 0 | _aАнглийский язык | |
| 610 | 0 | _aСтрановедение - Хрестоматии | |
| 610 | 0 | _aСША, страноведение | |
| 675 |
_a811.111(075.8) _v3 _zrus |
||
| 686 |
_aШ143.21-93рус31 _bД890(7США) |
||
| 700 | 1 |
_aТокарева _bН. Д. _gНаталия Дмитриевна _4070 |
|
| 701 | 1 |
_aПеппард _bВ. _gВиктор _4070 |
|
| 790 | 1 |
_6z55 _aTokareva _bN. D. _gNatalija Dmitrievna _4070 |
|
| 790 | 1 |
_6z55 _aPeppard _bV. _gViktor _4070 |
|
| 801 | 0 |
_aRU _bNLR _c20060412 _grcr |
|
| 801 | 1 |
_aRU _bNLR _c20060412 |
|
| 942 | _cBOOK | ||
| 980 | _aNB | ||